STRUCTURED SYSTEMS ANALYSIS AND DESIGN DATA FLOW APPROACH (Record no. 1539)
[ view plain ]
| 000 -LEADER | |
|---|---|
| Fixed length control field | 00430nam a2200157 4500 |
| 003 - CONTROL NUMBER IDENTIFIER | |
| Control field | SEACOMEC |
| 005 - DATE AND TIME OF LATEST TRANSACTION | |
| Control field | 20240807161031.0 |
| 008 - FIXED-LENGTH DATA ELEMENTS--GENERAL INFORMATION | |
| Fixed length control field | 240807b |||||||| |||| 00| 0 eng d |
| 022 ## - INTERNATIONAL STANDARD SERIAL NUMBER / ISSN | |
| Price | 300.00 |
| 040 ## - CATALOGING SOURCE | |
| Original cataloging agency | SEACOMEC |
| 082 ## - DEWEY DECIMAL CLASSIFICATION NUMBER | |
| Classification number | 004.21 |
| Book Number | K21 |
| 100 ## - MAIN ENTRY--PERSONAL NAME | |
| Personal name | KAUJALGI, V B |
| 245 ## - TITLE STATEMENT | |
| Title | STRUCTURED SYSTEMS ANALYSIS AND DESIGN DATA FLOW APPROACH |
| Statement of responsibility | V B KAUJALGI, |
| 260 ## - IMPRINT | |
| Place of publication | Hyderabad |
| Name of publisher | Universities Press |
| Date of publication | 1994 |
| 942 ## - ADDED ENTRY ELEMENTS (KOHA) | |
| Koha item type | Books |
| Withdrawn status | Lost status | Source of classification | Damaged status | Not for loan | Home library | Current library | Date acquired | Total Checkouts | Call number | Accession number | Date last seen | Price effective from | Koha item type | Copy number |
|---|---|---|---|---|---|---|---|---|---|---|---|---|---|---|
| Dewey Decimal Classification | SEACOM ENGINEERING COLLEGE | SEACOM ENGINEERING COLLEGE | 03/05/2007 | 004.21 K21 | 6593 | 07/08/2024 | 07/08/2024 | Books | ||||||
| Dewey Decimal Classification | SEACOM ENGINEERING COLLEGE | SEACOM ENGINEERING COLLEGE | 03/05/2007 | 004.21 K21 | 6594 | 07/08/2024 | 07/08/2024 | Books | 1 | |||||
| Dewey Decimal Classification | SEACOM ENGINEERING COLLEGE | SEACOM ENGINEERING COLLEGE | 03/05/2007 | 004.21 K21 | 6595 | 07/08/2024 | 07/08/2024 | Books | 2 |
